| 000 | 01623cam a2200457 i 4500 | ||
|---|---|---|---|
| 001 | 20306011 | ||
| 003 | OSt | ||
| 005 | 20231205104643.0 | ||
| 008 | 171229s2017 ii b 001 0 eng d | ||
| 010 | _a 2017350175 | ||
| 020 |
_a9789386689436 _q(hardback) |
||
| 020 | _a938668943X | ||
| 025 | _aI-E-2017350175 ; 61-92 ; 62-92 | ||
| 035 | _a(OCoLC)on1018146289 | ||
| 035 | _a(OCoLC)1018146289 | ||
| 037 | _bLibrary of Congress -- New Delhi Overseas Office | ||
| 040 |
_aDKAGE _beng _erda _cDKAGE _dOCLCO _dDLC |
||
| 042 |
_alccopycat _alcode |
||
| 043 | _aa-ii--- | ||
| 050 | 0 | 0 |
_aHM1281 _b.N6525 2017 |
| 082 | 0 | 4 |
_a303.610954 _bHAR/N |
| 245 | 0 | 0 |
_aNonviolence in modern Indian history / _cedited by David Hardiman. |
| 264 | 1 |
_aTelangana, India : _bOrient BlackSwan, _c2017. |
|
| 300 |
_a259 pages ; _c22 cm. |
||
| 336 |
_atext _btxt _2rdacontent |
||
| 337 |
_aunmediated _bn _2rdamedia |
||
| 338 |
_avolume _bnc _2rdacarrier |
||
| 490 | 1 | _aGandhi studies | |
| 500 | _aContributed articles. | ||
| 504 | _aIncludes bibliographical references and index. | ||
| 600 | 1 | 0 |
_aGandhi, _cMahatma, _d1869-1948. |
| 650 | 0 |
_aNonviolence _zIndia _xHistory _y20th century. |
|
| 650 | 0 |
_aAhiṃsā _xHistory _y20th century. |
|
| 651 | 0 |
_aIndia _xPolitics and government _y20th century. |
|
| 651 | 0 |
_aIndia _xHistory _y20th century. |
|
| 700 | 1 |
_aHardiman, David _eeditor. _910029 |
|
| 830 | 0 | _aGandhi studies. | |
| 906 |
_a7 _bcbc _ccopycat _d3 _encip _f20 _gy-gencatlg |
||
| 942 |
_2ddc _cBK _h303.610954 _iHAR/N _k303.610954 _mHAR/N |
||
| 999 |
_c43826 _d43826 |
||